|
|
|
|
| LEADER |
00000nam a2200000 a 4500 |
| 001 |
UCH6621 |
| 003 |
CL-VaPUC |
| 008 |
091109e19960000CL |||||||||||||||||spa|d |
| 082 |
0 |
4 |
|a 378.16
|b BOZ
|2 21
|
| 100 |
0 |
|
|a Bozzo Bartoluccy, Andrés
|e author
|9 543268
|
| 245 |
1 |
0 |
|a Matemáticas específica
|
| 250 |
|
|
|a 5a. ed
|
| 300 |
|
|
|a 247 p
|
| 942 |
|
|
|c BK
|
| 945 |
|
|
|d 20091109 00:00:00
|a lazolas
|
| 260 |
|
|
|a Santiago
|b MAVAL
|c 1996
|
| 650 |
|
0 |
|a Matemáticas
|v Problemas, ejercicios, etc
|9 883048
|
| 650 |
|
7 |
|a PRUEBA DE CONOCIMIENTOS ESPECIFICOS
|2 CL-VaPUC
|9 543270
|
| 650 |
|
7 |
|a PRUEBA DE APTITUD ACADEMICA
|2 CL-VaPUC
|9 543271
|
| 583 |
|
|
|a last modification
|c 20091109 00:00:00
|k Rodrigo Vera
|
| 999 |
|
|
|c 337477
|d 337475
|